000 00372 a2200121 4500
001 ART_43483
005 20260410162024.0
008 260409a
245 1 0 _aEmployer demand for welfare recipients by race
100 1 _aHolzer, Harry J.
700 1 _aStoll, Michael A.
773 0 _tJournal of labor economics
_g- Vol. 21, NÂș 1 (ene. 2003)
_wREV43438
999 _c33403
_d33403